[Event "Merida"]
[Site "Merida"]
[Date "1993.??.??"]
[Round "6"]
[White "Toth, Christian Endre"]
[Black "Sunye Neto, Jaime"]
[Result "1/2-1/2"]
[WhiteElo "2420"]
[BlackElo "2545"]

1.d4 Nf6 2.Nf3 e6 3.c4 b6 4.g3 Ba6 5.Nbd2 Bb4 6.Qa4 c5 7.a3 Bxd2+ 8.Bxd2 O-O
9.Bg2 d5 10.Bf4 Qd7 11.Qxd7 Nbxd7 12.Ne5 cxd4 13.cxd5 exd5 14.Nxd7 Nxd7 15.O-O-O Nc5
16.Bxd5 Rad8 17.Bf3 h6 18.Kb1 Rfe8 19.Rhe1 Bb5 20.b4 Ne6 21.Bd2 Re7 22.Kb2 d3
23.exd3 Ba4 24.Rc1 Rxd3 25.Rc8+ Re8 26.Rxe8+ Bxe8 27.Be3 Ba4 28.Rc1 Rd8 29.Bg4 Kf8  1/2-1/2

[Event "Minsk"]
[Site "Minsk"]
[Date "1993.??.??"]
[Round "?"]
[White "Dydyshko, Viacheslav"]
[Black "Shipov, Sergei"]
[Result "1/2-1/2"]
[WhiteElo "2490"]
[BlackElo "2490"]

1.d4 Nf6 2.c4 e6 3.Nf3 b6 4.g3 Ba6 5.b3 b5 6.cxb5 Bxb5 7.Bg2 Bb4+ 8.Bd2 a5
9.O-O d5 10.Nc3 Ba6 11.Ne5 O-O 12.Qc2 Nfd7 13.Nd3 Nc6 14.e3 Ba3 15.Na4 Nb4
16.Nxb4 axb4 17.Rfd1 Bb5 18.Nc5 c6 19.Be1  1/2-1/2

[Event "Minsk"]
[Site "Minsk"]
[Date "1993.??.??"]
[Round "?"]
[White "Suetin, Alexey S"]
[Black "Rotstein, Arkadij"]
[Result "0-1"]
[WhiteElo "2410"]
[BlackElo "2465"]

1.d4 Nf6 2.c4 e6 3.Nf3 b6 4.g3 Ba6 5.b3 b5 6.cxb5 Bxb5 7.Bg2 Bb4+ 8.Bd2 a5
9.O-O Bc6 10.a3 Be7 11.Nc3 Ne4 12.Nxe4 Bxe4 13.Bc3 O-O 14.Ne5 Bxg2 15.Kxg2 Qc8
16.f3 Qb7 17.Qc2 Qb5 18.Rfd1 d6 19.Nd3 Nd7 20.a4 Qb7 21.Rab1 Nb6 22.e4 d5
23.Qe2 dxe4 24.fxe4 Nd7 25.Nf4 Bd6 26.Qf3 Bxf4 27.gxf4 f5 28.exf5 Qxf3+ 29.Kxf3 exf5
30.d5 Nc5 31.Be5 Rab8 32.Rdc1 Nxb3 33.d6 Nd2+ 34.Ke2 Rxb1 35.d7 Rd8 36.Rxc7 Kf7
37.Kxd2 Ke7 38.Kc2 Rg1 39.Rc5 Rxd7 40.Rxa5 Rg2+ 41.Kc3 Ke6 42.h4 Rh2 43.Bd4 g6
44.Re5+ Kd6 45.a5 Rxh4 46.Re8 Rc7+ 47.Kb3 Rb7+ 48.Kc3 Rxf4 49.a6 Rc7+ 50.Kd3 Rf3+
51.Kd2 Ra3 52.Ra8 Kd5 53.Bg1 Ke4 54.Re8+ Kf3 55.Ra8 Kg2  0-1

[Event "Amber-rapid 2nd"]
[Site "Monte Carlo"]
[Date "1993.??.??"]
[Round "6"]
[White "Piket, Jeroen"]
[Black "Karpov, Anatoly"]
[Result "1/2-1/2"]
[WhiteElo "2245"]
[BlackElo "2725"]

1.d4 Nf6 2.c4 e6 3.Nf3 b6 4.g3 Ba6 5.Qa4 Bb7 6.Bg2 c5 7.O-O cxd4 8.Nxd4 Bxg2
9.Kxg2 Qc8 10.Bf4 a6 11.Nc3 Qb7+ 12.f3 Be7 13.Rfd1 O-O 14.Rd2 h6 15.Rad1 Rc8
16.e4 d6 17.Nde2 Ne8 18.e5 dxe5 19.Bxe5 Qc6 20.Qb3 Ra7 21.Ne4 Nd7 22.Bc3 Ndf6
23.Nd4 Qxc4 24.Qxb6 Qc7 25.Qxc7 Raxc7 26.Ba5 Rb7 27.Nb3 Nxe4 28.fxe4 Nf6
29.Kf3 h5 30.Bc3 Kh7 31.h3 Kg6 32.Re2 Rb5 33.Nd4 Rb7 34.Nc2 Nd7 35.Ne1 Nc5
36.Nd3 Nxd3 37.Rxd3 Bb4 38.Bxb4 Rxb4 39.Ra3 Rc6 40.Ra5 f6 41.Rd2 Rbc4 42.a3 Rc1
43.e5 Rf1+ 44.Kg2 Rf5 45.Re2 Rg5 46.h4 Rg4 47.Rd2 Rb6 48.b4 Rc6 49.exf6 gxf6
50.Rc5 Rxc5 51.bxc5 Rc4 52.Rd6 Kf5 53.Rxa6 Rxc5 54.a4 e5 55.a5 Rc2+ 56.Kh3 Ra2
57.Ra8 Ke4 58.a6 Kf3 59.a7 Ra1 60.Kh2 e4 61.Rf8 Rxa7 62.Rxf6+ Ke2 63.g4 hxg4
64.Kg3 Rg7 65.h5 e3 66.h6 Rg5 67.h7 Rh5 68.Rf7 Kd1 69.Rd7+ Ke1 70.Kxg4 Rh2
71.Kg5 e2 72.Kg6 Kf1 73.Re7  1/2-1/2

[Event "Amber-blind 2nd"]
[Site "Monte Carlo"]
[Date "1993.??.??"]
[Round "7"]
[White "Polugaevsky, Lev"]
[Black "Karpov, Anatoly"]
[Result "1/2-1/2"]
[WhiteElo "2635"]
[BlackElo "2725"]

1.d4 Nf6 2.c4 e6 3.Nf3 b6 4.g3 Ba6 5.b3 Bb4+ 6.Bd2 Be7 7.Bg2 Bb7 8.Nc3 O-O
9.O-O Na6 10.Bc1 d5 11.Ne5 c5 12.Bb2 cxd4 13.Qxd4 Bc5 14.Qf4 Qe7 15.cxd5 exd5
16.Ng4 Nxg4 17.Qxg4 Qe6 18.Qh5 Nc7 19.Rad1 Rad8 20.Rd2 Bc6 21.e3 d4 22.exd4 Bxg2
23.Kxg2 Rxd4 24.Rfd1 Rfd8 25.Rxd4 Rxd4 26.Qf3 h6 27.Rxd4 Bxd4 28.Nd5 Nxd5
29.Bxd4 a6 30.a4 b5 31.axb5 axb5 32.h4 f6 33.Kh2 Ne7 34.Qb7 Nc6 35.Bc5 Ne5
36.b4 Qc4 37.Kg2 Nd3 38.Qc8+ Kh7 39.Qf5+ Kg8  1/2-1/2

[Event "Moscow blitz"]
[Site "Moscow"]
[Date "1993.??.??"]
[Round "?"]
[White "Epishin, Vladimir"]
[Black "Kiselev, Sergey"]
[Result "0-1"]
[WhiteElo "2620"]
[BlackElo "2510"]

1.d4 Nf6 2.c4 e6 3.Nf3 b6 4.g3 Ba6 5.b3 Bb4+ 6.Bd2 c5 7.Bg2 Bb7 8.O-O O-O
9.dxc5 Bxc5 10.Nc3 Be7 11.Bf4 d6 12.Nb5 Ne8 13.Qd3 Nc6 14.Rad1 e5 15.Bc1 a6
16.Nc3 Nf6 17.Bg5 e4 18.Nxe4 Nxe4 19.Bxe7 Qxe7 20.Qe3 Rfe8 21.Nh4 Nc5 22.Qxe7 Nxe7
23.Rxd6 Bxg2 24.Kxg2 b5 25.Rc1 bxc4 26.Rxc4 Ne6 27.Nf3 Red8 28.Rb6 Nd5 29.Rb7 Rdb8
30.Rxb8+ Rxb8 31.Ne5 f6 32.Nd3 Kf7 33.e4 Ne7 34.Ra4 Nc7 35.Kf3 Nc6 36.Ke3 Ne5
37.Nc5 Rb6 38.f4 Ng4+ 39.Ke2 Nxh2 40.Rc4 Rc6  0-1

[Event "Munich op9293"]
[Site "Munich"]
[Date "1993.??.??"]
[Round "1"]
[White "Chernin, Alexander"]
[Black "Titz, Heimo"]
[Result "1-0"]
[WhiteElo "2600"]
[BlackElo "2345"]

1.d4 Nf6 2.c4 e6 3.Nf3 b6 4.g3 Ba6 5.b3 Bb4+ 6.Bd2 Be7 7.Bg2 c6 8.O-O d5
9.Ne5 Nfd7 10.Nxd7 Nxd7 11.Bc3 O-O 12.Nd2 Rc8 13.Re1 c5 14.cxd5 cxd4 15.Bxd4 exd5
16.a3 Nc5 17.Bb2 Bf6 18.Bxf6 Qxf6 19.b4 Ne6 20.e3 Bc4 21.Qa4 Rc7 22.Rac1 Rfc8
23.h4 h5 24.Rc2 g6 25.Nxc4 dxc4 26.Rec1 Qe5 27.b5 Nc5 28.Qxc4 Ne6 29.Bc6 a6
30.a4 axb5 31.axb5 Nc5 32.Rd1 Nb7 33.Rd5 Qf6 34.Qd3 Nc5 35.Qd1 Ne4 36.Rd4 Nc5
37.Rcd2 Ne6 38.Rd6 Ra7 39.Kg2 Ra1 40.Qf3 Qxf3+ 41.Kxf3 Rb8 42.Bd5 Nf8 43.Rc2 Ra7
44.Rcc6 Rd7 45.Rxd7 Nxd7 46.Rxg6+ Kh7 47.Rg5  1-0

[Event "Munich op9293"]
[Site "Munich"]
[Date "1993.??.??"]
[Round "3"]
[White "Kishnev, Sergey"]
[Black "Romanishin, Oleg M"]
[Result "1/2-1/2"]
[WhiteElo "2530"]
[BlackElo "2555"]

1.d4 e6 2.c4 Nf6 3.Nf3 b6 4.g3 Ba6 5.b3 Bb7 6.Bg2 Bb4+ 7.Bd2 c5 8.O-O O-O
9.Bc3 d5 10.cxd5 Bxd5 11.a3 Bxc3 12.Nxc3 Bb7 13.dxc5 bxc5 14.Qxd8 Rxd8 15.Ne5 Bxg2
16.Kxg2 Kf8 17.Rfd1 Nbd7 18.Nxd7+ Rxd7 19.Na4 Rc8 20.Rxd7 Nxd7 21.Rc1 a5
22.e4 Ke7 23.f4 f6 24.Rd1 Rc6 25.Rc1 Kd6 26.Rd1+ Ke7 27.Rc1 Kd6 28.Kf3 Nb6
29.Nc3 Ke7 30.Nb5 Rc8 31.Ke3  1/2-1/2

[Event "Munich op9293"]
[Site "Munich"]
[Date "1993.??.??"]
[Round "5"]
[White "Blees, Albert"]
[Black "Bischoff, Klaus"]
[Result "0-1"]
[WhiteElo "2415"]
[BlackElo "2510"]

1.d4 Nf6 2.c4 e6 3.Nf3 b6 4.g3 Ba6 5.b3 Bb7 6.Bg2 Bb4+ 7.Bd2 a5 8.O-O O-O
9.Bf4 a4 10.bxa4 Be4 11.Bd2 Bxd2 12.Qxd2 Bxb1 13.Raxb1 Rxa4 14.Qc2 Ra5 15.e4 d6
16.Rb5 Ra7 17.Rd1 Nfd7 18.h4 Qe7 19.Ng5 h6 20.Nh3 e5 21.f4 Nc6 22.dxe5 dxe5
23.Qf2 Nc5 24.Rb2 Ra3 25.Rbd2 Rfa8 26.Kh2 Nb4 27.fxe5 Nbd3 28.Qf5 Nxe5 29.Nf4 c6
30.h5 Re8 31.Re2 Nxc4 32.e5 Ne3 33.Rxe3 Rxe3 34.Bxc6 Rxe5 35.Qg4 Rd8 36.Nd5 Qe6
37.Qf3 Re2+ 38.Kg1 Re1+  0-1

[Event "Munich op9293"]
[Site "Munich"]
[Date "1993.??.??"]
[Round "8"]
[White "Groszpeter, Attila"]
[Black "Kabatianski, Alexandr"]
[Result "1-0"]
[WhiteElo "2520"]
[BlackElo "2275"]

1.d4 Nf6 2.c4 e6 3.Nf3 b6 4.g3 Ba6 5.Qb3 Nc6 6.Nbd2 Na5 7.Qa4 c5 8.Bh3 Bb7
9.O-O Be7 10.Re1 cxd4 11.Nxd4 Nc6 12.N2f3 O-O 13.Bf4 a6 14.Red1 Qc8 15.Rac1 d6
16.Nxc6 Bxc6 17.Qb4 Bxf3 18.exf3 Qc5 19.Qxc5 dxc5 20.a4 Rfc8 21.Rd3 Ra7 22.Rcd1 Kf8
23.Be5 g6 24.f4 Ke8 25.Rb3 Nd7 26.Bc3 Bd8 27.Bg2 Ke7 28.Bf3 Nb8 29.Be5 Nc6
30.Bxc6 Rxc6 31.Rbd3 Rc8 32.Kg2 Ke8 33.g4 Be7 34.f5 exf5 35.gxf5 Rc6 36.Rh3 h5
37.Re3 Kf8 38.Red3 gxf5 39.Rd5 Rb7 40.R1d3 b5 41.Rb3 Rcb6 42.axb5 axb5 43.Rxb5 Rxb5
44.cxb5 Rxb5 45.Bc3 Rb6 46.Rxf5 Rg6+ 47.Kf3 h4 48.Ke4 Ke8 49.Kd5 Rd6+ 50.Kc4 Rd1
51.Be5 Rd2 52.Kb5 Rd3 53.Kc4 Rd2 54.Rf3 Rd1 55.Kb5 Rd5 56.Bc3 Rd1 57.Kc4 Kf8
58.h3 Ke8 59.Re3 Kf8 60.Re1 Rd8 61.f4 Rd6 62.f5 Ra6 63.b3 Rh6 64.Rf1 Ke8
65.f6 Bf8 66.Ra1 Kd7 67.Kd5 Rh5+ 68.Be5 Bh6 69.Ra7+ Kc8 70.Kc6  1-0

[Event "Munich op9293"]
[Site "Munich"]
[Date "1993.??.??"]
[Round "8"]
[White "Kishnev, Sergey"]
[Black "Arkhipov, Sergey"]
[Result "1/2-1/2"]
[WhiteElo "2530"]
[BlackElo "2485"]

1.d4 Nf6 2.c4 e6 3.Nf3 b6 4.g3 Ba6 5.b3 Bb4+ 6.Bd2 Be7 7.Bg2 c6 8.O-O d5
9.Ne5 Nfd7 10.Nxd7 Nxd7 11.Bc3 O-O 12.Nd2 Rc8 13.e4 c5 14.exd5 exd5 15.dxc5 dxc4
16.c6 cxb3 17.Re1 Bb5 18.axb3 Bxc6 19.Bxc6 Rxc6 20.Rxa7 Bf6 21.Bb4 Nc5 22.Qf3 Rc7
23.Rxc7 Qxc7 24.Ne4 Bd4 25.Nc3 Bxc3 26.Bxc3 Ne6 27.Be5 Qd7  1/2-1/2

[Event "Munich op9293"]
[Site "Munich"]
[Date "1993.??.??"]
[Round "9"]
[White "Ftacnik, Lubomir"]
[Black "Kishnev, Sergey"]
[Result "1/2-1/2"]
[WhiteElo "2535"]
[BlackElo "2530"]

1.d4 Nf6 2.c4 e6 3.Nf3 b6 4.g3 Ba6 5.Nbd2 Bb7 6.Bg2 Be7 7.O-O O-O 8.b3 c5
9.dxc5 bxc5 10.Bb2 d6 11.Qc2 Nc6 12.Rad1 h6 13.a3 Qc7 14.e3 Rfd8 15.Ne1 a5
16.Nd3 a4 17.bxa4 Na5 18.Bxb7 Qxb7 19.Rb1  1/2-1/2

[Event "New York op"]
[Site "New York"]
[Date "1993.??.??"]
[Round "2"]
[White "Gonzalez Garcia, Jose"]
[Black "Braude, Mikhail"]
[Result "1/2-1/2"]
[WhiteElo "2330"]
[BlackElo "2495"]

1.d4 Nf6 2.c4 e6 3.Nf3 b6 4.g3 Ba6 5.b3 Bb4+ 6.Bd2 Be7 7.Bg2 c6 8.O-O d5
9.Ne5 Nfd7 10.Nxd7 Nxd7 11.Bc3 O-O 12.Nd2 b5 13.Re1 f5 14.e3 Bb7 15.a4 b4
16.Bb2 a5 17.Rc1 Rc8 18.cxd5 cxd5 19.Qe2 Nb8 20.Nf3 Ba6 21.Qd2 Nd7 22.Ne5 Nxe5
23.dxe5 Qd7 24.Bd4 Qb7 25.Bf1 Rxc1 26.Rxc1 Bxf1 27.Kxf1 Rc8 28.Rc2 Kf7 29.Ke1 Ke8
30.Qc1  1/2-1/2

[Event "New York op"]
[Site "New York"]
[Date "1993.??.??"]
[Round "4"]
[White "Gonzalez Garcia, Jose"]
[Black "Brenninkmeijer, Joris"]
[Result "1-0"]
[WhiteElo "2330"]
[BlackElo "2475"]

1.d4 Nf6 2.c4 e6 3.Nf3 b6 4.g3 Ba6 5.b3 b5 6.cxb5 Bxb5 7.Bg2 Bb4+ 8.Bd2 a5
9.O-O Bc6 10.Bg5 a4 11.a3 axb3 12.Qxb3 Be7 13.Nc3 O-O 14.Bxf6 Bxf6 15.e4 Ra5
16.Qb4 Ra7 17.a4 Na6 18.Qc4 Qa8 19.Nb5 Rb7 20.d5 Bxa1 21.dxc6 Rb6 22.Rxa1 Rxc6
23.Qd4 d6 24.Nd2 e5 25.Qe3 Rb8 26.Bf1 Nb4 27.Qb3 Nc2 28.Ra2 Nd4 29.Qd5 Ne6
30.Nb3 Nc5 31.Bc4 Nxb3 32.Bxb3 Rc1+ 33.Kg2 Qxd5 34.exd5 Kf8 35.Bc2 Ke7 36.Na7 Ra8
37.Nc6+ Kf6 38.a5 g6 39.Kf3 h5 40.a6 Rxa6 41.Rxa6 Rxc2 42.Ra7 Rc3+ 43.Kg2 e4
44.Rxc7 Rc2 45.Kf1 Rc5 46.Ke2 Rxd5 47.Nd8 Rb5 48.Rxf7+ Ke5 49.Rb7 Rc5 50.Re7+ Kf5
51.Ne6 Rc2+ 52.Kd1 Rc4 53.Nf4 g5 54.Rf7+  1-0

[Event "New York ACC"]
[Site "New York"]
[Date "1993.??.??"]
[Round "8"]
[White "Bonin, Jay R"]
[Black "Moskow, Eric"]
[Result "0-1"]
[WhiteElo "2385"]
[BlackElo "2235"]

1.d4 Nf6 2.c4 e6 3.Nf3 b6 4.g3 Ba6 5.b3 Bb4+ 6.Bd2 Be7 7.Bg2 c6 8.Bc3 d5
9.Nbd2 O-O 10.O-O Nbd7 11.Re1 c5 12.Ne5 cxd4 13.Bxd4 Nxe5 14.Bxe5 Rc8 15.Rc1 Bb4
16.Bxf6 Qxf6 17.cxd5 Qb2 18.Nc4 Bxc4 19.Rc2 Qe5 20.bxc4 Bxe1 21.Qxe1 exd5
22.Bxd5 Rc5 23.e4 Rfc8 24.Rd2 b5 25.cxb5 Rc1 26.Rd1 Qa1  0-1

[Event "Nis op"]
[Site "Nis"]
[Date "1993.??.??"]
[Round "?"]
[White "Jesenski, Tibor"]
[Black "Pavlovic, Dragoljub"]
[Result "1/2-1/2"]
[WhiteElo "2245"]
[BlackElo "2335"]

1.d4 Nf6 2.Nf3 e6 3.c4 b6 4.g3 Ba6 5.b3 Bb4+ 6.Bd2 Be7 7.Nc3 d5 8.Bg2 c6
9.Ne5 Nfd7 10.cxd5 Nxe5 11.dxe5 cxd5 12.O-O Nc6 13.f4 O-O 14.a3 Rc8 15.Qb1 Nd4
16.Rf2 Rxc3 17.Bxc3 Nxe2+ 18.Rxe2 Bxe2 19.Qb2 Ba6 20.Bd4 Qd7 21.Rc1 Rc8 22.h3 Rxc1+
23.Qxc1 Qc8 24.Qxc8+ Bxc8 25.b4 Ba6 26.Kf2 Kf8 27.Ke3 Ke8 28.Bf3 Kd7 29.Bh5 f5
30.h4 g6 31.Bd1 Kc6 32.Kd2 Bc4 33.Ba4+ Bb5 34.Bd1 a5 35.Kc3 h6 36.Be3 Kb7
37.h5 Be8 38.hxg6 axb4+ 39.axb4 Bxg6 40.Ba4 h5 41.Bf2 Bd8 42.Bb5 Kc8 43.Bg1 Bc7
44.Bd4 Kd8 45.Bf2 Be8 46.Be2 Kc8 47.Bd4 Kb7 48.Bg1 Kc6 49.Bd4 Bd8 50.Bf2 Be7
51.Bd3 b5 52.Be2 Bd8 53.Bf3 Kd7 54.Be2 Kc6 55.Bf3 Be7 56.Be2 Bf8 57.Bf3 Be7
58.Be2 Kc7 59.Bf1 Kb7 60.Be2 Bd8 61.Bf1 d4+ 62.Bxd4 h4 63.gxh4 Bxh4 64.Be3 Be1+
65.Bd2 Bf2 66.Be2 Kb6 67.Kd3 Bh4 68.Be3+ Kb7 69.Bc5 Bg3 70.Be3 Bc6 71.Bd2 Bd5
72.Kc3 Kc6 73.Be3 Be1+ 74.Bd2 Bf2 75.Bd3 Be4 76.Be2 Kb6  1/2-1/2

[Event "Nis op"]
[Site "Nis"]
[Date "1993.??.??"]
[Round "?"]
[White "Marjanov, Zika"]
[Black "Lazic, Miroljub"]
[Result "1/2-1/2"]
[WhiteElo "2280"]
[BlackElo "2465"]

1.d4 Nf6 2.c4 e6 3.Nf3 b6 4.g3 Ba6 5.Qa4 c6 6.Bf4 b5 7.cxb5 cxb5 8.Qb3 Nc6
9.Bg2 Qb6 10.O-O b4 11.Re1 d5 12.Nbd2 Be7 13.Rac1 O-O 14.e3 Rac8 15.Bg5 Na5
16.Qd1 h6 17.Bxf6 Bxf6 18.Nb3 Rxc1 19.Nxc1 Rc8 20.Nd3 Bxd3 21.Qxd3 b3 22.axb3 Nxb3
23.Bf1 Rc4 24.g4 Qb4 25.Rd1 Na5 26.h4 g6 27.Ra1 Rc7 28.Qa3  1/2-1/2

[Event "NLD-chT"]
[Site "?"]
[Date "1993.??.??"]
[Round "1"]
[White "Van der Sterren, Paul"]
[Black "Hoeksema, Hendrik Pieter"]
[Result "1-0"]
[WhiteElo "2490"]
[BlackElo "2405"]

1.d4 Nf6 2.c4 e6 3.Nf3 b6 4.g3 Ba6 5.b3 Bb4+ 6.Bd2 Be7 7.Bg2 c6 8.Bc3 d5
9.Ne5 Nfd7 10.Nxd7 Nxd7 11.Nd2 O-O 12.O-O Nf6 13.e4 b5 14.Re1 dxe4 15.Qc2 Rc8
16.Rad1 Nd5 17.Bxe4 Nxc3 18.Qxc3 Bf6 19.c5 Bxd4 20.Qc2 f5 21.Bg2 Qf6 22.Nf3 Bc3
23.Re3 b4 24.Rd6 Rfe8 25.a3 f4 26.gxf4 Qf5 27.Qxf5 exf5 28.Rxe8+ Rxe8 29.axb4 Bxb4
30.Rxc6 Bb5 31.Rc7 Rd8 32.h4 a6 33.Ne5 h6 34.c6 Bc5 35.Re7 Rc8 36.Bd5+ Kh7
37.Be6  1-0

[Event "NLD-chT"]
[Site "?"]
[Date "1993.??.??"]
[Round "6"]
[White "Tjiam, Dharma"]
[Black "Van der Wiel, John TH"]
[Result "1/2-1/2"]
[WhiteElo "2290"]
[BlackElo "2555"]

1.d4 Nf6 2.c4 e6 3.Nf3 b6 4.g3 Ba6 5.b3 Bb4+ 6.Bd2 Be7 7.Bg2 c6 8.O-O d5
9.Qc2 Nbd7 10.Bf4 Rc8 11.Nbd2 c5 12.dxc5 Bxc5 13.Qb2 dxc4 14.Nxc4 Bxc4 15.bxc4 O-O
16.Rad1 Qe7 17.Ne5 Nxe5 18.Bxe5 Rfd8 19.Rd3 Rxd3 20.exd3 Rd8 21.d4 Bd6 22.d5 exd5
23.Bxf6 Qxf6 24.Qxf6 gxf6 25.Bxd5 Bc5 26.Rb1 Re8 27.Kf1 Kg7 28.Rb2  1/2-1/2

[Event "Novosibirsk"]
[Site "Novosibirsk"]
[Date "1993.??.??"]
[Round "7"]
[White "Vyzmanavin, Alexey"]
[Black "Vaisser, Anatoli"]
[Result "1/2-1/2"]
[WhiteElo "2620"]
[BlackElo "2555"]

1.d4 Nf6 2.c4 e6 3.Nf3 b6 4.g3 Ba6 5.b3 Bb4+ 6.Bd2 Be7 7.Bg2 Bb7 8.O-O O-O
9.Nc3 d5 10.cxd5 exd5 11.Ne5 h6 12.Rc1 Na6 13.Bf4 Qc8 14.Nd3 Ne4 15.b4  1/2-1/2

[Event "Novosibirsk"]
[Site "Novosibirsk"]
[Date "1993.??.??"]
[Round "10"]
[White "Ruban, Vadim"]
[Black "Vyzmanavin, Alexey"]
[Result "1/2-1/2"]
[WhiteElo "2595"]
[BlackElo "2620"]

1.d4 Nf6 2.c4 e6 3.Nf3 b6 4.g3 Ba6 5.b3 Bb7 6.Bg2 Bb4+ 7.Bd2 a5 8.O-O O-O
9.Bg5 Be7 10.Bxf6 Bxf6 11.Nc3 d5 12.cxd5 exd5 13.Ne5 Na6 14.f4 Be7 15.f5 c5
16.e3 Rc8 17.Qf3 Nb4 18.Rf2 Bf6 19.Rd1 cxd4 20.exd4 Qc7 21.Nb5 Qd8 22.a3 Nc2
23.Qd3 Ba6 24.Rxc2 Rxc2 25.Qxc2 Bxb5 26.a4 Be8 27.Qd3 Qd6 28.Qa6 g6 29.Qb7 Bxe5
30.dxe5 Qc5+ 31.Kh1 Bc6 32.Qc7 gxf5 33.Rf1 Ba8 34.Qd7 Qc8 35.Qe7 Qd8 36.Qxd8 Rxd8
37.Rxf5 Rc8 38.Kg1 Rc3 39.Rf6 Rxb3 40.Rd6 Kg7 41.Bxd5  1/2-1/2

[Event "Odorheiu Secuiesc"]
[Site "Odorheiu Secuiesc"]
[Date "1993.??.??"]
[Round "5"]
[White "Chernin, Alexander"]
[Black "Sax, Gyula"]
[Result "1-0"]
[WhiteElo "2600"]
[BlackElo "2570"]

1.d4 Nf6 2.c4 e6 3.Nf3 b6 4.g3 Ba6 5.b3 Bb4+ 6.Bd2 Be7 7.Bg2 c6 8.Bc3 d5
9.Ne5 Ne4 10.O-O Nxc3 11.Nxc3 O-O 12.Re1 Bb7 13.e4 dxc4 14.bxc4 c5 15.d5 exd5
16.exd5 Bf6 17.f4 Re8 18.Qh5 g6 19.Qf3 Nd7 20.Nc6 Bd4+ 21.Nxd4 cxd4 22.Nb5 Rxe1+
23.Rxe1 Qf8 24.Qd3 Qb4 25.Rb1 Qa5 26.Qxd4 Re8 27.Nc3 Ba6 28.d6 Qc5 29.Qxc5 Nxc5
30.Nb5 Rd8 31.Rd1 Bxb5 32.cxb5 f5 33.Bc6 Kf7 34.d7 Ke6 35.Re1+ Kd6 36.Re8 Kc7
37.Re7 Nd3 38.Rxh7 Nb4 39.Rg7 Nxc6 40.bxc6 Kxc6 41.Rxg6+ Kc5 42.Rf6 Kb4 43.Rd6 Ka3
44.Rd2 b5 45.h4 a5 46.h5 b4 47.h6  1-0

[Event "Odorheiu Secuiesc"]
[Site "Odorheiu Secuiesc"]
[Date "1993.??.??"]
[Round "11"]
[White "Neverov, Valeriy"]
[Black "Chernin, Alexander"]
[Result "1/2-1/2"]
[WhiteElo "2550"]
[BlackElo "2600"]

1.d4 Nf6 2.c4 e6 3.Nf3 b6 4.g3 Ba6 5.b3 Bb4+ 6.Bd2 Be7 7.Bg2 c6 8.O-O d5
9.Ne5 Nfd7 10.Nxd7 Nxd7 11.Bc3 O-O 12.Nd2 Rc8 13.e4 c5 14.exd5 exd5 15.dxc5 dxc4
16.c6 cxb3 17.Re1 Bb5 18.axb3 Bxc6 19.Bxc6 Rxc6 20.Rxa7 Bf6 21.Ne4  1/2-1/2

[Event "Olivos op"]
[Site "Olivos"]
[Date "1993.??.??"]
[Round "7"]
[White "Quinteros, Miguel A"]
[Black "Ricardi, Pablo"]
[Result "1/2-1/2"]
[WhiteElo "2505"]
[BlackElo "2480"]

1.d4 Nf6 2.c4 e6 3.Nf3 b6 4.g3 Ba6 5.b3 Bb4+ 6.Bd2 Bxd2+ 7.Nbxd2 d5 8.Bg2 O-O
9.Ne5 c5 10.cxd5 exd5 11.O-O Nbd7 12.Ndf3 Re8 13.Re1 Ne4 14.Rc1 Nxe5 15.Nxe5 Qf6
16.f4 Rad8 17.e3 Qe6 18.Qh5 Nf6 19.Qh4 Qd6 20.g4 cxd4 21.exd4 Ne4 22.g5 Rc8
23.Rxc8 Rxc8 24.f5 Qb4 25.Nf3 Qd6 26.f6 g6 27.Ne5 Qb4 28.Bxe4 dxe4 29.Qxe4 Re8
30.Rd1 Qc3 31.Qd5 Qe3+ 32.Kh1 Rf8 33.Ng4 Qe8 34.Rc1 Bc8 35.Nh6+ Kh8 36.Nxf7+  1/2-1/2

[Event "Oviedo rapid"]
[Site "Oviedo"]
[Date "1993.??.??"]
[Round "11"]
[White "Neverov, Valeriy"]
[Black "Corral Blanco, Juan A"]
[Result "1-0"]
[WhiteElo "2535"]
[BlackElo "2395"]

1.d4 Nf6 2.c4 e6 3.Nf3 b6 4.g3 Ba6 5.b3 Bb4+ 6.Bd2 Be7 7.Bg2 Bb7 8.O-O O-O
9.Nc3 d5 10.cxd5 exd5 11.Qc2 Na6 12.Rfd1 Nb4 13.Qb2 a5 14.a3 Na6 15.Ne5 Qc8
16.Rac1 Qe6 17.Nd3 Rfd8 18.Bf4 c5 19.Be5 Qf5 20.Nf4 cxd4 21.Bxd4 Bc5 22.Na4 Bxd4
23.Qxd4 b5 24.Nb6 Rab8 25.Nbxd5 Bxd5 26.Nxd5 Nxd5 27.Bxd5 Kf8 28.e4 Qd7 29.Qc3 b4
30.Qc4 Rb6  1-0

[Event "Pardubice op"]
[Site "Pardubice"]
[Date "1993.??.??"]
[Round "5"]
[White "Neverov, Valeriy"]
[Black "Kiselev, Sergey"]
[Result "1-0"]
[WhiteElo "2535"]
[BlackElo "2470"]

1.d4 Nf6 2.c4 e6 3.Nf3 b6 4.g3 Ba6 5.b3 Bb7 6.Bg2 Bb4+ 7.Bd2 c5 8.O-O O-O
9.Bc3 Na6 10.a3 Bxc3 11.Nxc3 cxd4 12.Qxd4 Nc5 13.Nd2 Bxg2 14.Kxg2 d5 15.cxd5 exd5
16.Rfd1 Re8 17.Rac1 Qd7 18.b4 Ne6 19.Qd3 d4 20.Nde4 Nxe4 21.Nxe4 Rad8 22.Nd2 Qd5+
23.Nf3 Rd6 24.Rc4 Red8 25.Rdc1 g5 26.h3 h5 27.Kh2 Kg7 28.h4 g4 29.Ne1 f5
30.Qd2 R8d7 31.Nd3 Qe4 32.Rc8 Re7 33.Rb8 Rc6 34.Rxc6 Qxc6 35.Nf4 Kf7 36.Nxe6 Qxe6
37.Qg5 Qe4 38.Qxh5+ Ke6 39.Qh6+ Kd5 40.Qf8 Kc4 41.Rd8 Qxe2 42.Qxf5 Re4 43.Kg2 d3
44.h5 Kc3 45.h6 d2 46.h7 Qf3+ 47.Qxf3+ gxf3+ 48.Kh3  1-0

[Event "Pardubice"]
[Site "Pardubice"]
[Date "1993.??.??"]
[Round "5"]
[White "Vyzmanavin, Alexey"]
[Black "Dolmatov, Sergey"]
[Result "1/2-1/2"]
[WhiteElo "2605"]
[BlackElo "2630"]

1.d4 Nf6 2.c4 e6 3.Nf3 b6 4.g3 Ba6 5.b3 Bb4+ 6.Bd2 Be7 7.Bg2 c6 8.Bc3 d5
9.Ne5 Nfd7 10.Nxd7 Nxd7 11.Nd2 O-O 12.O-O Rc8 13.Re1 f5 14.Rc1 Nf6 15.Bb2 Bd6
16.e3 Ne4  1/2-1/2

[Event "Pardubice"]
[Site "Pardubice"]
[Date "1993.??.??"]
[Round "6"]
[White "Chernin, Alexander"]
[Black "Vyzmanavin, Alexey"]
[Result "1/2-1/2"]
[WhiteElo "2615"]
[BlackElo "2605"]

1.d4 Nf6 2.c4 e6 3.Nf3 b6 4.g3 Ba6 5.b3 Bb4+ 6.Bd2 Be7 7.Bg2 c6 8.O-O d5
9.Ne5 Nfd7 10.Nxd7 Nxd7 11.Bc3 O-O 12.Nd2 f5 13.Rc1 Nf6 14.Bb2 Rc8 15.Rc2 Bd6
16.Qc1 Qe7 17.e3 Ne4 18.Rd1 Rfd8 19.Bf1 Bb7 20.Bg2 Ba6 21.Bf1 Bb7 22.Bg2 Ba6
23.Bf1  1/2-1/2

[Event "Pardubice op"]
[Site "Pardubice"]
[Date "1993.??.??"]
[Round "9"]
[White "Stajcic, Nikola"]
[Black "Grabuzova, Tatiana"]
[Result "1/2-1/2"]
[WhiteElo "2350"]
[BlackElo "2275"]

1.d4 e6 2.Nf3 Nf6 3.c4 b6 4.g3 Ba6 5.Qb3 Nc6 6.Nbd2 Bb7 7.e4 Be7 8.d5 exd5
9.cxd5 Nb4 10.a3 Na6 11.Qc2 O-O 12.Be2 Rc8 13.O-O Re8 14.b4 c6 15.dxc6 Rxc6
16.Qb3 Rc8 17.e5 Ng4 18.Bc4 Nh6 19.Qd3 Nc7 20.Ne4 Bxe4 21.Qxe4 d5 22.exd6 Bf6
23.Qd3 Bxa1 24.Ng5 g6 25.d7 Re7 26.dxc8=Q Qxc8 27.Ne4 Bg7 28.Nd6 Qf8 29.Qb3 Rd7
30.Bxh6 Qxd6 31.Be3 Ne6 32.Bb5 Rd8 33.Qa4 Nd4 34.Bxd4 Bxd4 35.Qxa7 Qf6 36.Qc7 Bc3
37.Bc4 Kg7 38.a4 Bxb4 39.Bb5 Rd2 40.Qc6 Qxc6 41.Bxc6  1/2-1/2

[Event "World op"]
[Site "Philadelphia"]
[Date "1993.??.??"]
[Round "?"]
[White "Bonin, Jay R"]
[Black "Arnason, Jon L"]
[Result "1/2-1/2"]
[WhiteElo "2370"]
[BlackElo "2530"]

1.d4 Nf6 2.c4 e6 3.Nf3 b6 4.g3 Ba6 5.Nbd2 Bb7 6.Bg2 Be7 7.O-O O-O 8.Qc2 d5
9.cxd5 exd5 10.Ne5 c5 11.dxc5 Bxc5 12.Nb3 Bd6 13.Nd3 Nbd7 14.Bf4 Rc8 15.Qd1 Nc5
16.Bxd6 Qxd6 17.Ndxc5 bxc5 18.e4 c4 19.Na5 Qc7 20.Nxb7 dxe4 21.Nd6 Rcd8 22.Qc2 Rxd6
23.Bxe4 Rfd8 24.Rac1 Qa5 25.Bf3 Rd2 26.Qxc4 Rxb2 27.Rfd1 Rxd1+ 28.Bxd1 Qe1+
29.Qf1 Qe6 30.Bb3 Qf5 31.f3 h5 32.Qd1 h4 33.Qd8+ Kh7 34.Qd4 Rb1 35.Qxh4+ Kg6
36.Rxb1 Qxb1+ 37.Kg2 Qb2+ 38.Kh3 Qf2 39.Qf4 Qf1+ 40.Kh4 Qf2 41.h3 Qc5 42.g4 Qf2+
43.Qg3 Qd2 44.g5 Ng8 45.f4 Ne7 46.Kg4 Qd7+ 47.Kf3 Nf5 48.Qf2 Qd3+ 49.Kg2 Qe4+
50.Kh2 Nd4 51.Bd1 a5 52.h4 Kf5 53.h5 Qd3 54.Ba4 Kg4 55.Bd7+ Kxh5 56.Kg2 Qe4+
57.Kh3 Qd3+ 58.Kg2  1/2-1/2

[Event "Podolsk"]
[Site "Podolsk"]
[Date "1993.??.??"]
[Round "?"]
[White "Shneider, Aleksandr"]
[Black "Lerner, Konstantin Z"]
[Result "1/2-1/2"]
[WhiteElo "2560"]
[BlackElo "2530"]

1.d4 Nf6 2.c4 e6 3.Nf3 b6 4.g3 Ba6 5.b3 Bb4+ 6.Bd2 Be7 7.Bg2 c6 8.Bc3 d5
9.Ne5 Nfd7 10.Nxd7 Nxd7 11.Nd2 O-O 12.O-O f5 13.Rc1 Bd6 14.Bb2 Qe7 15.Nf3 Rac8
16.Rc2 Bb7 17.cxd5 cxd5 18.Rxc8 Rxc8 19.Qb1 Rc7 20.Rc1 Qd8 21.Rxc7 Qxc7 22.Qc1  1/2-1/2

[Event "RUS-chT"]
[Site "Podolsk"]
[Date "1993.??.??"]
[Round "?"]
[White "Polovodin, Igor A"]
[Black "Kozhevin, Sergey"]
[Result "1-0"]
[WhiteElo "2445"]
[BlackElo "2330"]

1.d4 Nf6 2.c4 e6 3.Nf3 b6 4.g3 Ba6 5.b3 Bb4+ 6.Bd2 Be7 7.Nc3 Bb7 8.Bg2 c5
9.dxc5 bxc5 10.O-O O-O 11.Qc2 a6 12.Rad1 d6 13.Bf4 Qc7 14.Ng5 Bxg2 15.Kxg2 Ra7
16.f3 Qc6 17.Rd3 Rd8 18.Rfd1 Rad7 19.Qd2 Qb7 20.Nge4 Nxe4 21.Nxe4 d5 22.cxd5 exd5
23.Bxb8 Qxb8 24.Nc3 d4 25.Ne4 f5 26.Nf2 Qe5 27.Qc2 Rd6 28.Qc4+ Kf8 29.R3d2 Rh6
30.Nd3 Qe3 31.Nxc5 Rdd6 32.Nd3 Bd8 33.Qc5 Rf6 34.Rc2 h5 35.Ne5 Bb6 36.Nd7+ Ke7  1-0

[Event "Rubinstein mem"]
[Site "Polanica Zdroj"]
[Date "1993.??.??"]
[Round "7"]
[White "Sosonko, Gennadi"]
[Black "Dorfman, Josif D"]
[Result "1/2-1/2"]
[WhiteElo "2525"]
[BlackElo "2555"]

1.d4 Nf6 2.c4 e6 3.Nf3 b6 4.g3 Ba6 5.b3 Bb7 6.Bg2 Bb4+ 7.Bd2 a5 8.O-O O-O
9.Nc3 Re8 10.Qc2 d6 11.Rfe1 Bxc3 12.Bxc3 Be4 13.Qb2 Nbd7 14.Nd2 Bxg2 15.Kxg2 c5
16.e4 cxd4 17.Bxd4 Qc7 18.Bxf6 Nxf6 19.e5 Qc6+ 20.Nf3 dxe5  1/2-1/2